Welcome to Marium Abdulla Library

Embrace knowledge with a breath of fresh air.

Browse Collection

Marium Abdulla Library

Jinnah (Record no. 6132)

MARC details
000 -LEADER
fixed length control field 00389nam a2200181Ia 4500
001 - CONTROL NUMBER
control field 4155
005 - DATE AND TIME OF LATEST TRANSACTION
control field 20250626030059.0
008 - FIXED-LENGTH DATA ELEMENTS--GENERAL INFORMATION
fixed length control field 211022s9999 xx 000 0 und d
020 ## - INTERNATIONAL STANDARD BOOK NUMBER
International Standard Book Number 0195790219
082 ## - DEWEY DECIMAL CLASSIFICATION NUMBER
Classification number 324.22 JIN
100 ## - MAIN ENTRY--PERSONAL NAME
Personal name Jinnah, Mohammad Ali
245 #0 - TITLE STATEMENT
Title Jinnah
260 ## - PUBLICATION, DISTRIBUTION, ETC.
Place of publication, distribution, etc. Oxford
260 ## - PUBLICATION, DISTRIBUTION, ETC.
Name of publisher, distributor, etc. Oxford University Press
260 ## - PUBLICATION, DISTRIBUTION, ETC.
Date of publication, distribution, etc. 2000
300 ## - PHYSICAL DESCRIPTION
Extent 242
942 ## - ADDED ENTRY ELEMENTS (KOHA)
Koha item type Book
Holdings
Date last seen Total checkouts Full call number Barcode Price effective from Koha item type Lost status Damaged status Not for loan Collection Withdrawn status Home library Current library Shelving location Date acquired Cost, normal purchase price
10/26/2021   324.22 JIN 4155 10/26/2021 Book       Liberal Arts   Marium Abdulla Library Marium Abdulla Library Non-Ref 11/26/2007 2500.00